000 00775nam a2200229 a 4500
001 1533
003 BR-CuiBMT
005 20231217144012.0
008 231214s2012 mtba 000 0 por d
020 _a9788579920226
040 _aBR-CuiBMT
_cBR-CuiBMT
080 _22007
_a342.8
_x(817.2)
090 _a342.8(817.2)
_bS618e
100 1 _aSiqueira, Elizabeth Madureira,
_d1947-
245 1 0 _aEvolução histórica da justiça eleitoral mato-grossense :
_b1932-2012 /
_cElizabeth Madureira Siqueira.
260 _a Cuiabá :
_bEntrelinhas,
_c2012.
300 _a396 p. :
_bil. color. ;
_c30 cm +
_e1 CD-ROM
504 _aInclui bibliografia.
610 1 _aBrasil.
_bTribunal Regional Eleitoral (MT)
_xHistória
650 _aJustiça eleitoral
_zMato Grosso
942 _2udc
_cLV
999 _c1533
_d1533